Plus Grande Ville Par Département Français - Carte Quiz - Statistiques

Statistiques générales
  • Ce quiz a été pris 4 065 fois
  • Le résultat moyen est 41 sur 101
Réponses sur la Carte
Les réponses sont colorées sur une échelle allant du rouge au vert en fonction du pourcentage des utilisateurs qui les ont devinées à leur premier essai. Vous pouvez retrouver ces pourcentages ci-dessous.
 
Statistiques - réponses
Réponse % Correct
Paris
84%
Bordeaux
63%
Ajaccio
62%
Lille
61%
Brest
60%
Marseille
59%
Nice
58%
Strasbourg
56%
Nantes
55%
Calais
54%
Rennes
54%
Lyon
53%
Montpellier
53%
Bastia
52%
La Rochelle
52%
Saint-Denis
52%
Caen
51%
Perpignan
51%
Versailles
51%
Le Havre
50%
Belfort
49%
Toulouse
49%
Amiens
48%
Lorient
47%
Saint-Denis (de La Réunion)
47%
Dijon
46%
Grenoble
46%
Saint-Étienne
46%
Toulon
46%
Angers
45%
Annecy
45%
Clermont-Ferrand
45%
Mulhouse
45%
Nîmes
45%
Orléans
45%
Saint-Brieuc
45%
Cayenne
44%
Cherbourg-en-Cotentin
44%
Pau
44%
Le Mans
43%
Avignon
42%
Beauvais
42%
La Roche-sur-Yon
42%
Metz
42%
Mamoudzou
41%
Narbonne
41%
Boulogne-Billancourt
40%
Chambéry
40%
Fort-de-France
40%
Poitiers
40%
Reims
40%
Besançon
39%
Valence
39%
Charleville-Mézières
38%
Évry-Courcouronnes
38%
Laval
38%
Tours
38%
Auxerre
37%
Chartres
37%
Gap
37%
Limoges
37%
Mont-de-Marsan
37%
Nancy
37%
Niort
37%
Troyes
37%
Bourg-en-Bresse
36%
Évreux
36%
Alençon
35%
Angoulême
35%
Meaux
35%
Périgueux
35%
Argenteuil
34%
Aurillac
34%
Bourges
34%
Le Puy-en-Velay
34%
Rodez
34%
Albi
33%
Blois
33%
Épinal
33%
Nevers
33%
Tarbes
33%
Agen
32%
Chalon-sur-Saône
32%
Châteauroux
32%
Vitry-sur-Seine
32%
Brive-la-Gaillarde
31%
Saint-Quentin
31%
Guéret
30%
Mende
30%
Verdun
30%
Auch
29%
Les Abymes
29%
Cahors
27%
Dole
27%
Montauban
27%
Vesoul
27%
Montluçon
26%
Manosque
23%
Pamiers
22%
Saint-Dizier
22%
Annonay
21%
Aucun quiz correspondant
Distribution des résultats
% des personnes avec chaque résultat
Percentile par nombre de réponses
Votre historique - résultats
Vous n’avez pas pris ce quiz